Statystyki dla Zgadnij co to za postać z Miraculous | Część #8

Kliknij tutaj aby rozwiązać quiz!

Ogólne statystyki

  • Ten quiz został rozwiązany 21 razy
  • Średni wynik to 6 z 16

Statystyki odpowiedzi

Odpowiedź% Poprawnych
Czarna Kotka
100%
Biedronek
90%
Władca Mroku
80%
Barkk
70%
Biedrosmok
50%
Stompp
40%
Ziggy
40%
Biedropszczoła
30%
AquaBiedronka
20%
Zygzak
20%
LodoKot
10%
Multilisica
10%
Biedrokoń
0%
Czarny Wąż
0%
Multimysica
0%
Shadow Noir
0%

Rozkład punktacji

Percentyl według liczby udzielonych odpowiedzi

Procent ludzi z każdym wynikiem

Twoja historia wyników

Nie rozwiązałeś tego quizu